Quizzes
Events
Quiz Creation
Community
Videos
Private Events
Remove Ads
Sign In
Join for FREE
Feedback
Dark Mode
Quiz Categories
Sports
Geography
Music
Movies
Television
Just For Fun
Miscellaneous
History
Literature
Language
Science
Gaming
Entertainment
Religion
Holiday
For Kids
Quiz Lab
Recent
Popular Today
Quiz Kudos Today
Editor Picks
Curator Picks
Quizzes by...
Day
Popularity
Type
Ratings
Length
Year
Community
Subscriptions
Recent Discussions
Orange Saloon
Badges
Playlists
Quests
Create
Leaderboards
Showdown
Live 5
Trivia Bingo
Activity
Puzzle Library
Sporcle Events
Private Events
Virtual Trivia
Globe League
Become a Host
Pub Owners
SporcleCon
Opinionation
Our Games
Videos
Blog
Mobile Apps
Partnerships
Remove Ads and Go Orange
Feedback
Sports
Athletes
MLB
NBA
NHL
NFL
Soccer
Sports Teams
WWE
NCAA
Football
Premier League
Basketball
Baseball
Hockey
Golf
Tennis
Cricket
Rugby
Auto Racing
Olympics
World Cup
Sports
Athletes
MLB
NBA
NHL
NFL
Soccer
Sports Teams
WWE
NCAA
Football
Premier League
Basketball
Baseball
Hockey
Golf
Tennis
Cricket
Rugby
Auto Racing
Olympics
World Cup
Random Quiz
Search Sporcle
×
Quiz Lab
Quiz Lab
Sports
Football
Type in answers that appear in a list
Type in answers that appear in a list
Classic
Best Score? Go Orange.
Know your 2009 nfl team (miami dolphins) Stats
Can you name the know your 2009 nfl team (miami dolphins)?
By
kproks
10m
53 Questions
96 Plays
96 Plays
96 Plays
Comments
Comments
Give Quiz Kudos
Give Quiz Kudos
-
- Ratings
hide this ad
Replay
Link that replays current quiz
Next Quiz
Link to next quiz in quiz playlist
You Got
0%
They Got
Avg Score
41%
Avg Friend Score
Upgrade to see
Score Distribution
Jump to the score distribution portion of the page
Score
0/53
Timer
10:00
0
Plays Today
position
last name
% Correct
QB
Henne
93.8%
RB
Williams
83.3%
K
Carpenter
79.2%
WR
Bess
79.2%
LB
Taylor
75%
QB
White
72.9%
T
Long
72.9%
WR
Ginn Jr
70.8%
LB
Porter
63.5%
CB
Smith
62.5%
CB
Davis
61.5%
P
Fields
60.4%
QB
Thigpen
59.4%
OL
Hartline
58.3%
WR
Hartline
58.3%
LB
Crowder
57.3%
TE
Fasano
57.3%
WR
Camarillo
54.2%
CB
Allen
52.1%
RB
Hilliard
47.9%
S
Bell
45.8%
S
Wilson
43.8%
CB
Jones
42.7%
T
Carey
42.7%
RB
Polite
41.7%
LB
Wake
41.7%
C
Grove
36.5%
position
last name
% Correct
DE
Langford
36.5%
S
Clemons
35.4%
TE
Haynos
35.4%
DE
Merling
35.4%
G
Thomas
33.3%
DE
Starks
32.3%
S
Culver
31.3%
WR
Turner
31.3%
DE
Soliai
29.2%
LB
Ayodele
28.1%
G
Smiley
28.1%
LB
Torbor
26%
LS
Denney
26%
G
Berger
25%
RB
Sheets
22.9%
LB
Anderson
22.9%
TE
Sperry
20.8%
T
Garner
19.8%
DT
McDaniel
19.8%
LB
Moses
15.6%
T
Gardner
13.5%
DE
Dotson
11.5%
T
Murtha
9.4%
LB
Walden
8.3%
DE
Baker
8.3%
DE
Alama-Francis
3.1%
Quiz Playlist
Details
Report
Send in Message
Add To Playlist
Classic:
Type in answers that appear in a list
Last Updated: Feb 16, 2017
Quiz Scoreboard
CHALLENGE
Sign Up to Join the Scoreboard
Show All
Scores
Hide
Comments
May contain spoilers
Recently Published
TV Characters by Other Roles V
by ghcgh
Television
5m
Decade Duel: World Leaders
by jenniferyan
History
4m
Alphabetical 'K' Countries by Flag Minefield
by ylime102
Geography
3m
More to Explore
Quiz From the Vault
Featured Blog Post
15 Basketball Trivia Facts You Can Be March Mad About
hide this ad
You Might Also Like...
Tags
Football Quiz
NFL Quiz
Numbers Quiz
2009
dolphin
last
Miami
team
Today's Top Quizzes in Sports
Browse Sports
hide this ad
Today's Top Quizzes in Football
Browse Football
Top Contributed Quizzes in Sports
1
MLB 2 truths and a lie: Hall of Fame pitchers
2
Les joueurs à 100 buts en Ligue 1 Uber Eats
3
2022 World Cup Stars
4
Pick 6: NFL Teams
5
Pick 6: Minor League Baseball
6
Millionaire: NBA Finals Edition
7
50+ Goals in European Competition
8
Click the 1998 NBA Draft
9
Pick 6: Olympics
10
Iconic Moments in Football - Multiple Choice
Explore More
Trending Topics
NBA
Crossword
Marvel
Harry Potter
Disney
Anime
Kpop
Pokémon
Country
The Office
WWE
Soccer
Song
NFL
Puzzle
hide this ad
More By:
kproks
Quiz
Plays
Rating
Category
Featured
Created
know your nfl team 2009 (buffalo bills)
326
5.00
Sports
Dec 6, 2009
how i met your mother episode names
218
5.00
Television
Nov 21, 2009
know your 2009 nfl team (miami dolphins)
96
5.00
Sports
Dec 6, 2009
know your 2009 nfl team~new england pats
73
3.00
Sports
Dec 6, 2009
Go to Creator's Profile
Score Distribution
Quiz Creator Spotlight
kproks
Follow
Send a Message
Quizzes Created
-
Created Quiz Play Count
-
More By This Creator
Popular Quizzes Today
1
Countries of Asia Without Outlines Minefield
2
Find the US States - No Outlines Minefield
3
Pick 6: Fruits
4
The Countries of the World
5
Find the Countries of Europe - No Outlines Minefield
6
Alphabetical 'K' Countries by Flag Minefield
7
Find the US States
8
US States
More Sports Quizzes
WWE Firefly Funhouse!
Curator's Pick
Trending Quizzes
Pick 6: Mountains
Pick 6: Harry Potter
Pick 6: NFL Teams
Pick 6: Flags
C Names for Actors
Recently Updated
Adaptations: Name the Title
pecheneg
NWSL Teams
pecheneg
Women's Final Four Teams by Year
bhenderson79
Presidents Quartet II
eogle
Anything But Clue(do)
eogle
Anything But Oceanian Capitals
eogle
Anything But 7
eogle
Anything But Thing
eogle
Word Ladder: February 29
pecheneg
Song Title Questions
pecheneg
Trending Topics
Crossword
Disney
Marvel
Harry Potter
Kpop
Anime
NBA
Pokémon
Country
Song
The Office
WWE
Soccer
Puzzle
NFL
Your Account Isn't Verified!
In order to create a playlist on Sporcle, you need to verify the email address you used during registration. Go to your
Sporcle Settings
to finish the process.
Report this User
Report this user for behavior that violates our
Community Guidelines
.
Details:
Send Report
Go to the Sporcle.com Mobile Site →
Comments